| 000 | 00414nam a2200145Ia 4500 | ||
|---|---|---|---|
| 008 | 151213s9999 xx 000 0 und d | ||
| 100 | _aMaurice Imhoof & Herman Hudson | ||
| 245 |
_aFrom paragraph to essay _cMaurice Imhoof & Herman Hudson |
||
| 260 |
_aHongkong _bLongman |
||
| 300 | _a849 p. | ||
| 650 | _a English Language | ||
| 650 | _aEnglish Language | ||
| 700 | _aMaurice Imhoof & Herman Hudson | ||
| 999 |
_c968 _d968 |
||